東京の次の停車駅 - Statistics

General Stats
  • This quiz has been taken 1,653 times
  • The average score is 21 of 26
Answer Stats
路線 % Correct
東海道新幹線 品川
99%
東北新幹線 上野
99%
品川
99%
品川
99%
上野東京ライン 上野
99%
中央線 神田
95%
山手線 神田
95%
京浜東北線 神田
95%
大宮
94%
有楽町
93%
有楽町
93%
横須賀線 新橋
90%
東海道線 新橋
90%
新宿
83%
横浜
82%
千葉
80%
京葉線 八丁堀
80%
総武快速線 新日本橋
78%
錦糸町
78%
丸ノ内線 大手町
78%
蘇我
73%
浜松町
73%
海浜幕張
63%
銀座
60%
渋谷
36%
空港第2ビル
29%
No matching quizzes found
Score Distribution
Percent of People with Each Score
Percentile by Number Answered
Your Score History
You have not taken this quiz